Sécurité sociale

Saved in:
Bibliografiske detaljer
Hovedforfatter: Doublet, Jacques (autor)
Format: Bog
Sprog:fransk
Udgivet: París, Francia Universitaires de France 1967
Serier:Thémis. Manuels Juridiques, Economiques et Politiques
Fag:
Tags: Tilføj Tag
Ingen Tags, Vær først til at tagge denne postø!

MARC

LEADER 00000nam a2200000 a 4500
001 UCS2304
003 CL-VaPUC
005 20240819132150.0
008 970523e19670000FR |||||||||||||||||fre|d
999 |c 260276  |d 260274 
040 |c Pontificia Universidad Católica de Valparaíso 
082 0 4 |a 344.02 DOU 1967  |2 21 
100 0 |a Doublet, Jacques  |e autor  |9 387601 
245 1 0 |a Sécurité sociale 
260 0 3 |a París, Francia  |b Universitaires de France  |c 1967 
300 |a 663 páginas 
490 0 |a Thémis. Manuels Juridiques, Economiques et Politiques 
583 |a last modification  |c 20170712 03:43:45  |k Rodrigo Vera 
650 7 |a DERECHO LABORAL  |2 CL-VaPUC  |9 15 
650 0 |a Seguridad social  |9 255322 
650 0 |a Accidentes de trabajo  |9 254901 
650 0 |a Asignación familiar   |9 344930 
650 7 |a PENSIONES  |2 CL-VaPUC  |9 323807 
650 0 |a Derecho comparado  |9 255664 
650 0 |a Derecho internacional  |9 255637 
650 0 |a Responsabilidad del estado  |9 258115 
942 |c BK  |2 ddc 
945 |d 19970523 00:00:00  |a cmena 
952 |0 0  |1 0  |2 ddc  |4 0  |6 344_020000000000000_DOU_1967  |7 0  |8 A  |9 286235  |a BIBDER  |b BIBDER  |d 2019-11-19  |i 1860291  |o 344.02 DOU 1967  |p 1860291  |r 2023-01-25  |t 1  |w 2019-11-19  |y BK  |k DER